Library of the University of Algiers 3
Ibrahim Sultan Cheibout
شعار جامعة الجزائر 3
مكتبة جامعة الجزائر 3
إبراهيم سلطان شيبوط

الرقابة القضائية على شرعية الجزاءات الإدارية العامة : (رقم التسجيلة. 45385)

تفاصيل مارك
000 -LEADER
fixed length control field 01130nam a2200253Ia 4500
003 - CONTROL NUMBER IDENTIFIER
control field Ost
005 - DATE AND TIME OF LATEST TRANSACTION
control field 20260507075640.0
008 - FIXED-LENGTH DATA ELEMENTS--GENERAL INFORMATION
fixed length control field 260507s9999||||xx |||||||||||||| ||und||
020 ## - INTERNATIONAL STANDARD BOOK NUMBER
International Standard Book Number 7935394977
040 ## - CATALOGING SOURCE
Transcribing agency fsecg
041 ## - LANGUAGE CODE
Language code of text/sound track or separate title ara
082 ## - DEWEY DECIMAL CLASSIFICATION NUMBER
Classification number 342.06
100 ## - MAIN ENTRY--PERSONAL NAME
Personal name أبويونس، محمد الباهي
Relator term مؤلف
245 #0 - TITLE STATEMENT
Title الرقابة القضائية على شرعية الجزاءات الإدارية العامة :
Remainder of title الغرامة ،الحل ،الوقف ،الإزالة ،وسحب وإلغاء التراخيص /
Statement of responsibility, etc. محمد الباهي أبويونس
260 ## - PUBLICATION, DISTRIBUTION, ETC.
Place of publication, distribution, etc. الإسكندرية:
Name of publisher, distributor, etc. دار الجامعة,
Date of publication, distribution, etc. 2000
300 ## - PHYSICAL DESCRIPTION
Extent 269 صفحة؛
Dimensions 24 سم
490 ## - SERIES STATEMENT
Series statement المكتبة القانونية
520 ## - SUMMARY, ETC.
Summary, etc. الجزء الإداري العام ، الرقابة على الشرعية ، الموضوعية لجزاءات الإدارية ، الرقابة على الشرعية الإجراءات للجزاءات الإدارية
653 ## - INDEX TERM--UNCONTROLLED
Uncontrolled term التراخيص
653 ## - INDEX TERM--UNCONTROLLED
Uncontrolled term الرقابة القضائية
653 ## - INDEX TERM--UNCONTROLLED
Uncontrolled term الغرامة
653 ## - INDEX TERM--UNCONTROLLED
Uncontrolled term الوقف
942 ## - ADDED ENTRY ELEMENTS (KOHA)
Koha item type كتب
المقتنيات
Withdrawn status Lost status Source of classification or shelving scheme Damaged status Not for loan Home library Current library Date acquired Serial enumeration / chronology Inventory number Total checkouts Full call number Barcode Date last seen Price effective from Koha item type
    Dewey Decimal Classification   NOT LOAN / إعارة داخلية مكتبة كلية العلوم الإقتصادية والعلوم التجارية وعلوم التسيير مكتبة كلية العلوم الإقتصادية والعلوم التجارية وعلوم التسيير 07/05/2026 الطابق الأرضي 885/1   أ/885ن1 885/1 07/05/2026 07/05/2026 كتب

موارد الويب المفتوحة


© University of Algiers 3 All Rights Reserved
|
Implemented by LECHELAH Riad